000 00714ngm a2200313 a 4500
003 OSt
005 20251020182700.0
008 240217s9999 xx 000 0 und d
040 _aPE SENCICO BE
040 _cPE SENCICO BE
041 _aspa
082 _aL003
245 0 _aProyecto Escuela Unidocente:
245 0 _bPrograma de capacitación producción Llanguat Celendín Cajamarca /
245 0 _cSENCICO
260 _aLima
260 _bSENCICO
260 _c1996
300 _a1 VIDEO
300 _bson., Col.
300 _c6'
490 _aTECNOLOGIA
520 _aLugar
650 _aDOCENCIA
650 _aPOLIDOCENTE
651 _aPERÚ
910 _aila.
942 _cVID
_2ddc
999 _c4805
_d4805